| 000 | 00409nam a22001217a 4500 | ||
|---|---|---|---|
| 999 |
_c3045 _d3045 |
||
| 005 | 20200928140116.0 | ||
| 008 | 200928b ||||| |||| 00| 0 eng d | ||
| 020 | _a0316283126 | ||
| 040 | _cCML | ||
| 245 |
_aThe English Connection: A Text for Speakers of English as a Second Language. _cFingado, G. |
||
| 260 |
_aBoston _bLittle, Brown an Company _c1981 |
||
| 942 |
_2ddc _cBK _e1st Edition _h428.24 |
||